Paletizácia, manipulácia a distribúcia tehliarskych a im podobných výrobkov v stavebníctve

Bibliographic Details
Main Author: Boháč, Milan (Author)
Format: Article
Language:Slovak
Subjects:

MARC

LEADER 00000nab a2200000 a 4500
001 vtls000246719
003 SK-MaSNL
005 20260302210731.0
008 111202c1985 xo 0 slo
015 |a SNBRA19rr/mm-uuuuu 
035 |a CL0256833 
040 |a SNKBUCL  |b slo  |c SNKBUCL  |e AACR2 
041 0 |a slo 
044 |a xo  |c SK 
080 |a 621.869.82:691.42  |2 1981 
080 |a 691.42  |2 1981 
080 |a 658.788  |2 1981 
100 1 |a Boháč, Milan  |4 aut  |9 588230 
245 1 0 |a Paletizácia, manipulácia a distribúcia tehliarskych a im podobných výrobkov v stavebníctve  |c Milan Boháč 
650 0 7 |a tehly  |2 snkbucl  |9 49713 
650 0 7 |a paletizácia  |2 snkbucl  |9 602793 
650 0 7 |a manipulácia s materiálom  |2 snkbucl  |9 14946 
655 7 |a články zo zborníkov  |2 snkbucl  |9 166140 
773 0 |t Paletizácia, manipulácia a distribúcia tehliarskych a im podobných výrobkov v stavebníctve  |d Žilina : Dom techniky ČSVTS, 1985 
850 |a Slovenská národná knižnica v Martine  |a MTA001 
852 |a SNK  |b KIS3GCP 
958 |a RK 
992 |a RZB 
999 |c 1483717  |d 1485647